000 00966nam a2200253 a 4500
001 1907361
003 AM-YEHGA
005 20250618080119.0
008 230607s2023 ai a|||gr|||||||||1|arm|d
020 _a9789939758923
020 _a9789939759111
040 _aAM-YeHGA
041 0 _aarm
_achi
245 0 0 _aՉինական գրականության անթոլոգիա =
_b中国文學選集 /
_cՊատ. խմբ.՝ Սերգո Երիցյան ; Թարգմ.՝ Գոհար Աթիկյան, Ռոբերտ Ծատուրյան.
246 3 1 _a中国文學選集
260 _aԵրևան :
_bԷդիթ Պրինտ,
_c2023.
300 _a512 էջ :
_bնկ.
650 1 4 _aՉինական գրականություն
_98747
700 1 _aԵրիցյան, Սերգո Սարգսի,
_eխմբ.
_4edt
_d1957-2023
_93389
700 1 _aԱթիկյան, Գոհար
_eթարգմ.
_4trl
700 1 _aԾատուրյան, Ռոբերտ
_eթարգմ.
_4trl
942 _2udc
_cBK
090 _c565906
999 _c527787
_d527787